书目信息 |
| 题名: |
数字图象处理基础
|
|
| 作者: | 朱虹 著 | |
| 分册: | ||
| 出版信息: | 北京 科学出版社 2007.04 |
|
| 页数: | 265页 | |
| 开本: | 24cm | |
| 丛书名: | ||
| 单 册: | ||
| 中图分类: | TN919.8 | |
| 科图分类: | ||
| 主题词: | 图象通信 | |
| 电子资源: | ||
| ISBN: | 7-03-014835-3 | |
| 000 | 00574 nam 000217 | |
| 001 | 0100002107 | |
| 005 | 20070902111158.19 | |
| 010 | @a7-03-014835-3@dCNY28.50 | |
| 100 | @a20070806d2007 em y0chiy0121 ea | |
| 101 | @achi | |
| 102 | @aCN@b110000 | |
| 105 | @ay z 000yy | |
| 200 | 10 | @a数字图象处理基础@9shu zi tu xiang chu li ji chu@f朱虹著@Fzhu hong zhu |
| 210 | @a北京@c科学出版社@d2007.04 | |
| 215 | @a265页@d24cm | |
| 606 | @a图象通信 | |
| 690 | @aTN919.8@v4 | |
| 701 | 0 | @a朱虹@9zhu hong@4著 |
| 801 | @aCN@c20070902 | |
| 901 | @a000003 | |
| 905 | @dTN919.8@eZ842 | |
| 数字图象处理基础/朱虹著.-北京:科学出版社,2007.04 |
| 265页;24cm |
| ISBN 7-03-014835-3:CNY28.50 |
| ● |
| 相关链接 |
|
|
|
正题名:数字图象处理基础
索取号:TN919.8/Z842
 
预约/预借
| 序号 | 登录号 | 条形码 | 馆藏地/架位号 | 状态 | 备注 |
| 1 | 644554 | 206445541 | 自科库301/301自科库 998排9列1层/ [索取号:TN919.8/Z842] | 在馆 | |
| 2 | 644555 | 206445550 | 自科库301/301自科库 998排9列1层/ [索取号:TN919.8/Z842] | 在馆 | |
| 3 | 644556 | 206445569 | 自科库301/301自科库 998排9列1层/ [索取号:TN919.8/Z842] | 在馆 |